[Event "Kazan Mayors Cup 2022"]
[Site "Kazan"]
[Date "2022.01.29"]
[Round "7.1"]
[White "Galliamova, Alisa"]
[Black "Artemiev, Vladislav"]
[Result "0-1"]
[WhiteElo "2356"]
[BlackElo "2682"]
[PlyCount "34"]
[EventDate "2022.??.??"]
[EventType "tourn"]
[EventCountry "RUS"]
[SourceTitle "chessbase.ru"]
[Source "ChessBase"]
[SourceVersionDate "2022.01.31"]

{[%evp 0,34,18,15,17,17,46,24,25,6,8,3,35,14,21,13,8,28,33,-35,-48,-32,-13,-43,
-40,-46,-43,-28,-6,-52,-42,-39,-47,-86,-64,-403,-403]} 1. d4 Nf6 2. Nf3 g6 3.
g3 Bg7 4. Bg2 d5 5. O-O Nbd7 6. b3 O-O 7. Bb2 b5 8. Qd3 Rb8 9. Ne5 Nxe5 10.
dxe5 Bf5 11. Qd2 Nd7 12. f4 c6 13. Nc3 f6 14. e4 dxe4 15. Bxe4 fxe5 16. Rad1
Bg4 17. Bxc6 Qb6+ 0-1

[Event "Kazan Mayors Cup 2022"]
[Site "Kazan"]
[Date "2022.01.29"]
[Round "7.2"]
[White "Gunina, Valentina"]
[Black "Sarana, Alexey"]
[Result "0-1"]
[WhiteElo "2510"]
[BlackElo "2667"]
[PlyCount "116"]
[EventDate "2022.??.??"]
[EventType "tourn"]
[EventCountry "RUS"]
[SourceTitle "chessbase.ru"]
[Source "ChessBase"]
[SourceVersionDate "2022.01.31"]

{[%evp 0,90,18,15,17,6,12,12,6,6,25,24,24,24,46,27,27,24,20,12,25,20,42,34,39,
30,30,30,30,30,30,36,44,-46,18,18,29,25,24,21,20,21,34,14,38,38,40,38,38,40,32,
49,33,50,44,44,44,7,7,7,7,-15,-23,0,0,2,0,0,23,13,14,17,99,64,76,81,65,67,67,
67,118,166,170,170,170,144,171,68,0,0,144,54,109]} 1. d4 Nf6 2. c4 e6 3. Nf3 d5
4. Nc3 a6 5. cxd5 exd5 6. Bg5 Be6 7. e3 Nbd7 8. Bd3 Bd6 9. Qd2 c6 10. O-O h6
11. Bf4 Qc7 12. Rfe1 O-O 13. h3 Rfe8 14. Rac1 Rad8 15. a3 Nb6 16. Ne5 Nfd7 17.
Nxd7 Rxd7 18. Bxd6 Qxd6 19. Ne2 Rde7 20. Nf4 Bc8 21. b4 Qf6 22. Qc2 Qd6 23. Qc5
Qd8 24. Qc2 Nd7 25. a4 Nf6 26. b5 cxb5 27. axb5 a5 28. Bf5 Bxf5 29. Qxf5 Qd6
30. Rc5 g6 31. Qc2 g5 32. Nd3 Ne4 33. Rc8 Kg7 34. Rxe8 Rxe8 35. Rc1 b6 36. Qa2
Ra8 37. Rc6 Qd8 38. Ne5 a4 39. Rxh6 Nf6 40. f4 a3 41. fxg5 Ne4 42. g6 Qg5 43.
Rh7+ Kg8 44. Ng4 fxg6 45. Rc7 Kh8 46. Rc1 Nf6 47. Rc3 Nxg4 48. hxg4 Qh4 49. Qa1
Qe7 50. Qa2 Ra7 51. g5 Kg7 52. Rd3 Kh7 53. Rb3 Qf8 54. e4 dxe4 55. Rh3+ Kg7 56.
d5 Qb4 57. Qf2 Qc5 58. Re3 a2 0-1

[Event "Kazan Mayors Cup 2022"]
[Site "Kazan"]
[Date "2022.01.29"]
[Round "7.3"]
[White "Faizrakhmanov, Ramil"]
[Black "Dreev, Aleksey"]
[Result "1/2-1/2"]
[WhiteElo "2482"]
[BlackElo "2589"]
[PlyCount "122"]
[EventDate "2022.??.??"]
[EventType "tourn"]
[EventCountry "RUS"]
[SourceTitle "chessbase.ru"]
[Source "ChessBase"]
[SourceVersionDate "2022.01.31"]

{[%evp 0,90,23,15,15,0,4,4,0,6,21,15,26,14,51,33,77,30,61,30,72,27,6,7,23,19,7,
7,7,10,7,3,8,0,-1,-4,13,2,11,15,33,34,66,66,45,40,54,70,65,73,62,69,70,61,83,
82,83,82,78,86,90,48,48,39,41,36,36,36,15,23,29,12,33,31,54,57,57,52,52,51,55,
46,54,46,52,53,62,58,62,21,62,62,87]} 1. d4 d5 2. c4 e6 3. Nf3 Nf6 4. Nc3 Be7
5. Bf4 O-O 6. e3 b6 7. Bd3 Bb7 8. O-O c5 9. dxc5 bxc5 10. Qe2 Nh5 11. Bg3 Nxg3
12. hxg3 Nd7 13. Rfd1 Qc7 14. cxd5 exd5 15. Ba6 Nf6 16. Bxb7 Qxb7 17. Rac1 Rfd8
18. Rc2 Rd6 19. Na4 Rc6 20. Ne5 Rc7 21. Nc3 Re8 22. Ng4 d4 23. exd4 Nxg4 24.
Qxg4 cxd4 25. Qxd4 Bf6 26. Re2 Rf8 27. Qd6 Rc6 28. Qd7 Qxd7 29. Rxd7 Bxc3 30.
Rc2 Re8 31. Rd1 h5 32. Rxc3 Rxc3 33. bxc3 Re2 34. Rd8+ Kh7 35. Rd7 Rxa2 36.
Rxf7 Rc2 37. Rxa7 Rxc3 38. f3 Kh6 39. Kh2 Rc4 40. Kh3 g5 41. Ra6+ Kg7 42. Re6
g4+ 43. Kh2 Ra4 44. Kg1 Rb4 45. Kf2 gxf3 46. gxf3 Rb3 47. Kg2 Rc3 48. f4 Rc1
49. Kf3 Rc3+ 50. Re3 Rc1 51. Ke4 Kf6 52. Rd3 Rg1 53. Rd6+ Kg7 54. Kf3 Rf1+ 55.
Kg2 Ra1 56. Rd5 Kg6 57. Rd2 Rb1 58. Rf2 Kf5 59. Kh3 Rh1+ 60. Rh2 Rxh2+ 61. Kxh2
Kg4 1/2-1/2

[Event "Kazan Mayors Cup 2022"]
[Site "Kazan"]
[Date "2022.01.29"]
[Round "7.4"]
[White "Timofeev, Artyom"]
[Black "Matlakov, Maxim"]
[Result "1/2-1/2"]
[WhiteElo "2542"]
[BlackElo "2650"]
[PlyCount "30"]
[EventDate "2022.??.??"]
[EventType "tourn"]
[EventCountry "RUS"]
[SourceTitle "chessbase.ru"]
[Source "ChessBase"]
[SourceVersionDate "2022.01.31"]

{[%evp 0,30,29,23,31,23,17,1,-1,-8,-18,-18,9,-43,29,29,29,24,26,20,5,20,24,5,
22,12,29,25,42,16,16,16,16]} 1. d4 Nf6 2. Nf3 d5 3. Bg5 Ne4 4. Be3 Bf5 5. Nh4
e6 6. g3 h5 7. Nxf5 exf5 8. Nd2 Nd7 9. Nxe4 fxe4 10. Qd2 h4 11. Bh3 Bd6 12.
O-O-O Qe7 13. Kb1 a6 14. Rdg1 hxg3 15. hxg3 O-O-O 1/2-1/2

[Event "Kazan Mayors Cup 2022"]
[Site "Kazan"]
[Date "2022.01.29"]
[Round "7.5"]
[White "Oparin, Grigoriy"]
[Black "Rublevsky, Sergei"]
[Result "1/2-1/2"]
[WhiteElo "2634"]
[BlackElo "2661"]
[PlyCount "69"]
[EventDate "2022.??.??"]
[EventType "tourn"]
[EventCountry "RUS"]
[SourceTitle "chessbase.ru"]
[Source "ChessBase"]
[SourceVersionDate "2022.01.31"]

{[%evp 0,62,29,15,15,-11,47,-7,45,8,5,26,9,-32,-6,-32,-1,-20,-10,7,30,61,28,-6,
45,-23,-20,-22,-22,-16,-13,-24,-25,-35,-72,-72,-72,-62,-67,-74,-59,-74,-52,
-100,-52,-6,-35,-57,-25,-214,-231,-190,-143,-135,-118,-118,-118,-119,-119,-119,
-127,-132,-129,-129,-129]} 1. Nf3 d5 2. g3 c6 3. c4 Bg4 4. Ne5 Be6 5. d4 Nd7 6.
Nf3 Ngf6 7. Bg2 Bf5 8. Nc3 e6 9. Nh4 Be4 10. f3 Bg6 11. O-O Be7 12. e3 dxc4 13.
Nxg6 hxg6 14. Qe2 Nb6 15. f4 O-O 16. g4 c5 17. dxc5 Bxc5 18. g5 Nfd5 19. Ne4
Qe7 20. Kh1 Rad8 21. Rf3 f5 22. gxf6 Nxf6 23. Ng5 e5 24. Bd2 exf4 25. Rxf4 Rxd2
26. Qxd2 Qxe3 27. Ne4 Qxd2 28. Nxd2 Be3 29. Rxc4 Bxd2 30. Rc7 Ng4 31. Rxb7 Nf2+
32. Kg1 Be3 33. Rxa7 Nh3+ 34. Kh1 Nf2+ 35. Kg1 1/2-1/2

[Event "Kazan Mayors Cup 2022"]
[Site "Kazan"]
[Date "2022.01.29"]
[Round "8.1"]
[White "Sarana, Alexey"]
[Black "Faizrakhmanov, Ramil"]
[Result "1-0"]
[WhiteElo "2667"]
[BlackElo "2482"]
[PlyCount "101"]
[EventDate "2022.??.??"]
[EventType "tourn"]
[EventCountry "RUS"]
[SourceTitle "chessbase.ru"]
[Source "ChessBase"]
[SourceVersionDate "2022.01.31"]

{[%evp 0,75,29,29,31,-3,4,6,28,28,34,29,33,15,38,41,19,29,29,24,15,22,29,29,15,
6,16,11,15,9,24,27,12,11,33,11,11,45,11,30,35,32,82,90,84,92,99,98,91,64,97,97,
97,96,91,103,115,115,115,127,148,151,164,166,171,184,188,137,156,153,164,96,
230,97,100,98,95,78]} 1. d4 Nf6 2. c4 e6 3. Nc3 Bb4 4. e3 O-O 5. Bd3 c5 6. Nge2
cxd4 7. exd4 d5 8. cxd5 Nxd5 9. O-O Nc6 10. a3 Be7 11. Nxd5 exd5 12. h3 Bf6 13.
Be3 g6 14. Rc1 Qb6 15. b4 Be6 16. Rc5 Be7 17. Rc3 Bf6 18. Rc5 Be7 19. Qa1 Rac8
20. Rfc1 a5 21. b5 Na7 22. Nf4 Qd8 23. a4 Bd6 24. Qc3 b6 25. Rxc8 Qxc8 26. Qd2
Qd7 27. Be2 Rc8 28. Bf3 Bb4 29. Qd1 Rxc1 30. Qxc1 Nc8 31. Bxd5 Ne7 32. Bxe6
fxe6 33. d5 e5 34. Nd3 Qxd5 35. Qb1 Qe4 36. Qb3+ Qd5 37. Qb1 Qd6 38. Qc2 Nd5
39. Qc8+ Kf7 40. Qb7+ Ne7 41. Qe4 Ke6 42. Qg4+ Kf7 43. Qc4+ Ke8 44. Kf1 Qd5 45.
Nb2 Bc5 46. Bxc5 bxc5 47. b6 Kd8 48. Qb5 c4 49. Qxc4 Qd2 50. Qc7+ Ke8 51. b7
1-0

[Event "Kazan Mayors Cup 2022"]
[Site "Kazan"]
[Date "2022.01.29"]
[Round "8.2"]
[White "Matlakov, Maxim"]
[Black "Galliamova, Alisa"]
[Result "1-0"]
[WhiteElo "2650"]
[BlackElo "2356"]
[PlyCount "67"]
[EventDate "2022.??.??"]
[EventType "tourn"]
[EventCountry "RUS"]
[SourceTitle "chessbase.ru"]
[Source "ChessBase"]
[SourceVersionDate "2022.01.31"]

{[%evp 0,67,29,18,18,18,18,17,7,5,19,13,24,-4,9,17,13,3,0,-7,22,16,28,22,54,40,
67,80,134,109,238,238,238,238,238,238,238,230,217,225,259,236,226,198,294,279,
290,263,237,249,351,351,351,331,310,310,451,508,560,568,654,697,804,844,1051,
861,1562,1562,1554,864]} 1. e4 e5 2. Nf3 Nc6 3. Bc4 Nf6 4. d3 h6 5. O-O d6 6.
c3 g5 7. a4 Bg7 8. Re1 O-O 9. a5 Ne7 10. Nbd2 Ng6 11. h3 Nf4 12. Nf1 Kh8 13. d4
Nxe4 14. dxe5 f5 15. exf6 Nxf6 16. Bxf4 gxf4 17. Nh4 d5 18. Ng6+ Kg8 19. Nxf8
Kxf8 20. a6 Qd6 21. Bd3 c5 22. Nd2 bxa6 23. Nf3 Rb8 24. Ne5 Rxb2 25. Ng6+ Kf7
26. Re7+ Kg8 27. Rxa7 Bb7 28. Rb1 Qb6 29. Rxb2 Qxa7 30. Qe2 Ne4 31. Qg4 c4 32.
Bxe4 dxe4 33. Qe6+ Kh7 34. Qf7 1-0

[Event "Kazan Mayors Cup 2022"]
[Site "Kazan"]
[Date "2022.01.29"]
[Round "8.3"]
[White "Dreev, Aleksey"]
[Black "Timofeev, Artyom"]
[Result "1/2-1/2"]
[WhiteElo "2589"]
[BlackElo "2542"]
[PlyCount "25"]
[EventDate "2022.??.??"]
[EventType "tourn"]
[EventCountry "RUS"]
[SourceTitle "chessbase.ru"]
[Source "ChessBase"]
[SourceVersionDate "2022.01.31"]

{[%evp 0,25,30,42,29,14,31,-11,22,14,35,35,52,55,44,32,35,23,29,35,35,33,39,38,
44,23,33,76]} 1. d4 d5 2. Nf3 Nf6 3. c4 dxc4 4. e3 e6 5. Bxc4 c5 6. O-O a6 7.
b3 cxd4 8. Nxd4 Bd6 9. Bb2 O-O 10. Nd2 e5 11. N4f3 Qe7 12. Be2 Rd8 13. Qc2
1/2-1/2

[Event "Kazan Mayors Cup 2022"]
[Site "Kazan"]
[Date "2022.01.29"]
[Round "8.4"]
[White "Rublevsky, Sergei"]
[Black "Artemiev, Vladislav"]
[Result "0-1"]
[WhiteElo "2661"]
[BlackElo "2682"]
[PlyCount "55"]
[EventDate "2022.??.??"]
[EventType "tourn"]
[EventCountry "RUS"]
[SourceTitle "chessbase.ru"]
[Source "ChessBase"]
[SourceVersionDate "2022.01.31"]

{[%evp 0,55,41,21,10,18,23,22,18,-6,-8,-1,-5,21,13,17,8,5,16,3,-5,1,28,12,22,
-5,-18,-68,-61,-51,-72,-62,-94,-120,-106,-89,-118,-223,-225,-238,-233,-235,
-240,-238,-238,-246,-240,-240,-190,-248,-248,-240,-235,-284,-265,-267,-268,
-349]} 1. e4 e5 2. Nf3 Nc6 3. Nc3 Nf6 4. d4 exd4 5. Nxd4 Bb4 6. Nxc6 bxc6 7.
Bd3 O-O 8. O-O d5 9. exd5 cxd5 10. h3 Rb8 11. Qf3 Rb6 12. Bg5 Bb7 13. Ne2 h6
14. Bh4 Re8 15. Rad1 g5 16. a3 Bf8 17. Bg3 c5 18. b3 d4 19. Qf5 Rxe2 20. Bxe2
Be4 21. Qe5 Bd6 22. Rxd4 cxd4 23. Qxd4 Qe7 24. Bc4 Bxg3 25. fxg3 Bxc2 26. h4
Bg6 27. Rd1 Rc6 28. Ra1 0-1

[Event "Kazan Mayors Cup 2022"]
[Site "Kazan"]
[Date "2022.01.29"]
[Round "8.5"]
[White "Oparin, Grigoriy"]
[Black "Gunina, Valentina"]
[Result "1-0"]
[WhiteElo "2634"]
[BlackElo "2510"]
[PlyCount "144"]
[EventDate "2022.??.??"]
[EventType "tourn"]
[EventCountry "RUS"]
[SourceTitle "chessbase.ru"]
[Source "ChessBase"]
[SourceVersionDate "2022.01.31"]

{[%evp 0,98,40,15,15,-11,36,-26,45,27,13,24,32,-24,-32,-30,37,60,1,1,-13,7,-1,
-13,-13,-13,-13,-21,-6,-12,-11,2,7,21,20,22,15,0,11,10,10,3,11,0,0,0,22,17,33,
-37,-50,-65,-62,-28,0,0,0,0,0,0,0,0,20,0,0,0,0,0,106,-19,-19,-20,-37,-42,-26,
-33,-21,-21,-16,-21,-8,0,0,-21,41,0,0,0,0,0,0,0,0,0,0,0,0,0,0,0,0]} 1. Nf3 d5
2. g3 c6 3. c4 Bg4 4. Ne5 Bf5 5. Qb3 Nd7 6. Nxd7 Qxd7 7. cxd5 cxd5 8. Nc3 d4 9.
e4 Be6 10. Nd5 a6 11. Bg2 Nf6 12. d3 Rd8 13. Nxf6+ exf6 14. Qd1 Bb4+ 15. Bd2
Bxd2+ 16. Qxd2 O-O 17. O-O Rc8 18. Rfc1 Rxc1+ 19. Rxc1 Bxa2 20. Qa5 Be6 21. Rc7
Qd6 22. Rxb7 Rc8 23. h4 h6 24. Rb6 Rc1+ 25. Kh2 Qc7 26. Qxa6 Qc2 27. Rxe6 fxe6
28. Qxe6+ Kh7 29. Qf5+ Kh8 30. e5 Qc8 31. Qg6 fxe5 32. Be4 Qg8 33. b4 Rc8 34.
b5 Rf8 35. f3 Rf6 36. Qh5 Qb8 37. Qg4 Qc7 38. Kh3 Kg8 39. Bc6 Qd8 40. Qe4 Qd6
41. Kg2 Kf8 42. Qg4 Qe6 43. Qe4 Qa2+ 44. Kh3 Qe6+ 45. Kg2 h5 46. Qe2 Rf7 47.
Qc2 Rc7 48. Qc5+ Qe7 49. Qd5 Qf6 50. Qa2 Qd8 51. Qa3+ Kf7 52. Qc5 Qe7 53. Qc4+
Kf6 54. b6 Rc8 55. b7 Rd8 56. Be4 Qd6 57. Qc8 g6 58. g4 hxg4 59. fxg4 Ke7 60.
Kg3 Qb4 61. Qc7+ Ke6 62. Qc6+ Ke7 63. Qc1 Qc3 64. Qg5+ Kd7 65. Qxd8+ Kxd8 66.
b8=Q+ Kd7 67. Qb1 Qd2 68. Qf1 Qe3+ 69. Kg2 Ke7 70. Bxg6 Qh6 71. Qf7+ Kd6 72.
Qf6+ Kd5 1-0

[Event "Kazan Mayors Cup 2022"]
[Site "Kazan"]
[Date "2022.01.29"]
[Round "9.1"]
[White "Artemiev, Vladislav"]
[Black "Matlakov, Maxim"]
[Result "1/2-1/2"]
[WhiteElo "2682"]
[BlackElo "2650"]
[PlyCount "39"]
[EventDate "2022.??.??"]
[EventType "tourn"]
[EventCountry "RUS"]
[SourceTitle "chessbase.ru"]
[Source "ChessBase"]
[SourceVersionDate "2022.01.31"]

{[%evp 0,39,35,15,15,-14,-11,6,25,8,7,33,-8,-2,-6,9,0,0,26,10,8,18,41,39,36,22,
29,20,27,15,31,4,31,14,15,-1,-4,-23,-23,-23,-12,-30]} 1. Nf3 d5 2. g3 Nf6 3.
Bg2 e6 4. O-O Be7 5. d3 O-O 6. Nbd2 c5 7. e4 Nc6 8. Re1 b5 9. a4 b4 10. exd5
Nxd5 11. Nc4 Bb7 12. h4 h6 13. Nfe5 Nxe5 14. Nxe5 Qc7 15. Bd2 Bf6 16. Qe2 Ne7
17. Bxb7 Qxb7 18. Qe4 Qxe4 19. Rxe4 Rfd8 20. Be3 1/2-1/2

[Event "Kazan Mayors Cup 2022"]
[Site "Kazan"]
[Date "2022.01.29"]
[Round "9.2"]
[White "Faizrakhmanov, Ramil"]
[Black "Oparin, Grigoriy"]
[Result "1/2-1/2"]
[WhiteElo "2482"]
[BlackElo "2634"]
[PlyCount "62"]
[EventDate "2022.??.??"]
[EventType "tourn"]
[EventCountry "RUS"]
[SourceTitle "chessbase.ru"]
[Source "ChessBase"]
[SourceVersionDate "2022.01.31"]

1. d4 Nf6 2. c4 e6 3. Nf3 Bb4+ 4. Bd2 a5 5. g3 d5 6. Bg2 dxc4 7. Qc1 b6 8. Qxc4
Bb7 9. a3 Be7 10. Nc3 O-O 11. O-O Nbd7 12. Bg5 c5 13. dxc5 Nxc5 14. Rfd1 Qc8
15. Rac1 h6 16. Bf4 a4 17. Bd6 Bxd6 18. Rxd6 Nb3 19. Qxc8 Rfxc8 20. Rcd1 Nd5
21. Nxd5 Bxd5 22. Rxb6 Rc2 23. Nd4 Nxd4 24. Rxd4 Bxg2 25. Kxg2 Rxe2 26. h4 g6
27. Rb7 Ra5 28. Rf4 Rf5 29. Rxf5 gxf5 30. Rb4 Kg7 31. Rxa4 Rxb2 1/2-1/2

[Event "Kazan Mayors Cup 2022"]
[Site "Kazan"]
[Date "2022.01.29"]
[Round "9.3"]
[White "Timofeev, Artyom"]
[Black "Sarana, Alexey"]
[Result "1/2-1/2"]
[WhiteElo "2542"]
[BlackElo "2667"]
[PlyCount "112"]
[EventDate "2022.??.??"]
[EventType "tourn"]
[EventCountry "RUS"]
[SourceTitle "chessbase.ru"]
[Source "ChessBase"]
[SourceVersionDate "2022.01.31"]

1. d4 Nf6 2. Nf3 g6 3. Nbd2 d5 4. b4 Bg7 5. e3 O-O 6. Be2 Bf5 7. O-O Nbd7 8. c4
c6 9. a4 a5 10. b5 Ne4 11. Bb2 cxb5 12. axb5 dxc4 13. Nxc4 Nd6 14. Nxd6 exd6
15. Ba3 Nb6 16. Nd2 Re8 17. Rc1 d5 18. Nb3 Nc4 19. Bxc4 dxc4 20. Rxc4 Bd7 21.
Rc5 Bf8 22. Qc1 Bxc5 23. Nxc5 Bxb5 24. Rd1 b6 25. Nb7 Qg5 26. Nd6 Be2 27. f4
Qd5 28. e4 Rxe4 29. Nxe4 Qxe4 30. Re1 Qxd4+ 31. Kh1 Re8 32. Bb2 Qc5 33. Qd2 Bb5
34. Rxe8+ Bxe8 35. h3 Qc6 36. Qd8 a4 37. f5 b5 38. Qe7 gxf5 39. Qg5+ Qg6 40.
Qd8 Qe6 41. Qg5+ Qg6 42. Qd8 f6 43. Bxf6 h6 44. Bc3 Qf7 45. Qd4 Kh7 46. Qh8+
Kg6 47. Qe5 Bd7 48. Kh2 Qf8 49. Bd4 Qf7 50. Qd6+ Qe6 51. Qg3+ Kf7 52. Qg7+ Ke8
53. Qh8+ Kf7 54. Qg7+ Ke8 55. Qh8+ Kf7 56. Qg7+ Ke8 1/2-1/2

[Event "Kazan Mayors Cup 2022"]
[Site "Kazan"]
[Date "2022.01.29"]
[Round "9.4"]
[White "Galliamova, Alisa"]
[Black "Dreev, Aleksey"]
[Result "0-1"]
[WhiteElo "2356"]
[BlackElo "2589"]
[PlyCount "122"]
[EventDate "2022.??.??"]
[EventType "tourn"]
[EventCountry "RUS"]
[SourceTitle "chessbase.ru"]
[Source "ChessBase"]
[SourceVersionDate "2022.01.31"]

1. d4 d6 2. Nf3 Nf6 3. g3 g6 4. Bg2 Bg7 5. c4 Bf5 6. O-O O-O 7. Nc3 Ne4 8. Nh4
Nxc3 9. bxc3 Bc8 10. e4 c5 11. Be3 Nc6 12. Nf3 Qa5 13. Qc2 b6 14. Rfb1 Ba6 15.
Bf1 cxd4 16. cxd4 Rac8 17. h3 b5 18. c5 dxc5 19. dxc5 b4 20. Bxa6 Qxa6 21. Kg2
Rfd8 22. Rb2 Qd3 23. Re1 Bxb2 24. Qxb2 a5 25. h4 a4 26. h5 a3 27. Qa1 Qc3 28.
Qb1 Qb2 29. Qxb2 axb2 30. Rb1 Ra8 31. Rxb2 Ra4 32. hxg6 hxg6 33. g4 Rda8 34.
Rb3 Ra3 35. Nd4 Nxd4 36. Bxd4 Rxb3 37. axb3 Ra6 38. Be3 Kf8 39. Bd2 Ra3 40.
Bxb4 Rxb3 41. Bd2 Ke8 42. Be3 Kd7 43. Kf3 Kc6 44. Ke2 Kb5 45. f4 Ra3 46. Kf3
Kc4 47. Ke2 Ra2+ 48. Kf3 Kd3 49. e5 Rc2 50. g5 e6 51. Bg1 Rc3 52. Be3 Rc4 53.
Bg1 Kc3 54. Be3 Kb4 55. Bg1 Kb5 56. Be3 Kc6 57. Bg1 Kd5 58. Bf2 Rc3+ 59. Kg4
Ke4 60. Bg1 Rf3 61. Bh2 Rf2 0-1

[Event "Kazan Mayors Cup 2022"]
[Site "Kazan"]
[Date "2022.01.29"]
[Round "9.5"]
[White "Gunina, Valentina"]
[Black "Rublevsky, Sergei"]
[Result "0-1"]
[WhiteElo "2510"]
[BlackElo "2661"]
[PlyCount "78"]
[EventDate "2022.??.??"]
[EventType "tourn"]
[EventCountry "RUS"]
[SourceTitle "chessbase.ru"]
[Source "ChessBase"]
[SourceVersionDate "2022.01.31"]

1. d4 d5 2. c4 c6 3. Nf3 Nf6 4. Nc3 dxc4 5. e4 b5 6. Be2 e6 7. a4 b4 8. e5 bxc3
9. exf6 cxb2 10. fxg7 bxa1=Q 11. gxh8=Q Qa5+ 12. Nd2 c3 13. O-O cxd2 14. Bxd2
Qxd1 15. Rxd1 Qf5 16. d5 Qg6 17. Qc3 Qg7 18. Qc2 exd5 19. Bc3 Qh6 20. Re1 Be6
21. Be5 Bb4 22. Rb1 Qd2 23. Qxd2 Bxd2 24. Bxb8 a5 25. Bd3 Bb4 26. Bf4 f5 27. h3
c5 28. Be5 Kf7 29. f4 c4 30. Bc2 Bc5+ 31. Kf1 d4 32. Rb5 d3 33. Bd1 Bf8 34. Bc3
Bb4 35. Rb7+ Kg8 36. Rb6 Bd5 37. Rb5 Be4 38. Be5 c3 39. Bb3+ Kf8 0-1